Central Library OPAC University of Rajshahi

Multimedia in practice : (Record no. 55017)

MARC details
000 -LEADER
fixed length control field 00820nam a2200253 a 4500
001 - CONTROL NUMBER
control field 55017
003 - CONTROL NUMBER IDENTIFIER
rucl marc code BD-RjUL
005 - DATE AND TIME OF LATEST TRANSACTION
control field 20211209080213.0
008 - FIXED-LENGTH DATA ELEMENTS--GENERAL INFORMATION
fixed length control field 161113s2003 ii ||||| |||| 00| 0 eng d
020 ## - INTERNATIONAL STANDARD BOOK NUMBER
International Standard Book Number 8120312767
Terms of availability : IRs. 195.00 (Indian Reprint)
035 ## - SYSTEM CONTROL NUMBER
System control number (BD-RjUL)55139
040 ## - CATALOGING SOURCE
Original cataloging agency BD-RjUL
Language of cataloging eng
Transcribing agency BD-RjUL
041 ## - LANGUAGE CODE
Language code of text/sound track or separate title eng
082 ## - DEWEY DECIMAL CLASSIFICATION NUMBER
Edition number 23
Classification number 006.6
Author mark and year JEM 2003
100 1# - MAIN ENTRY--PERSONAL NAME
Personal name Jeffcoate, Judith
9 (RLIN) 164027
245 10 - TITLE STATEMENT
Title Multimedia in practice :
Remainder of title technology and applications /
Statement of responsibility, etc. Judith Jeffcoate
260 ## - PUBLICATION, DISTRIBUTION, ETC. (IMPRINT)
Place of publication, distribution, etc. New York :
Name of publisher, distributor, etc. Prentice Hall,
Date of publication, distribution, etc. c1995 [ Reprint 2003] .
300 ## - PHYSICAL DESCRIPTION
Pagination xviii, 238 p. :
Illustrations ill. ;
Size 24 cm
504 ## - BIBLIOGRAPHY, ETC. NOTE
Bibliography, etc Includes Bibliographical References and Index
650 ## - SUBJECT ADDED ENTRY--TOPICAL TERM
Topical term or geographic name as entry element Multimedia systems
9 (RLIN) 117552
Topical term or geographic name as entry element Multimedia
9 (RLIN) 117552
Topical term or geographic name as entry element Informatiesystemen.
9 (RLIN) 164028
942 ## - ADDED ENTRY ELEMENTS (KOHA)
Source of classification or shelving scheme Dewey Decimal Classification
Koha item type Books
Holdings
Lost status Source of classification or shelving scheme Damaged status Not for loan Collection code Permanent Location Current Location Shelving location Date acquired Source of acquisition Cost, normal purchase price Total Checkouts Full call number Date last seen Copy number Koha item type
  Dewey Decimal Classification     Non-fiction Central Library, University of Rajshahi Central Library, University of Rajshahi   11/06/2006 Dhaka,Paragon Enterprise Lit., 195.00   006.6 JEM 2003 13/11/2016 C-2 Books
  Dewey Decimal Classification   Not For Loan Non-fiction Central Library, University of Rajshahi Central Library, University of Rajshahi Reading Room 11/06/2006 Dhaka, Paragon Enterprises 195.00   006.6 JEM 2003 14/03/2017 C-1 Books